| 000 | 00351nam a2200109Ia 4500 | ||
|---|---|---|---|
| 008 | 230320s9999||||xx |||||||||||||| ||spa|| | ||
| 082 | _aTMI/2007/24 | ||
| 100 | _aJonas Valentino, Maciso Altamirano | ||
| 245 | 0 | _aAplicación Del Diseño Curricular Model T, A Las Aulas Del 1Ero. De Secundaria, De Una Ie Estatal | |
| 260 | _bLima 2007 | ||
| 942 |
_80 _cLIB |
||
| 999 |
_c46684 _d46684 |
||